000 01164nam a2200289 4500
001 0000021303
003 CO-CtgCURN
005 20250331185251.0
007 ta
008 160627s2004 000 0 eng d
020 _a9586168506
040 _aCO-CtgCURN
_bspa
_ccoctgcurn
082 0 _a658.022
_bP95
245 0 0 _aPYMES :
_bun reto a la competitividad /
_cAlejandro Beltrán ... [et al.].
260 _aBogotá :
_bUniversidad Externado de Colombia,
_c2004.
300 _a180 p.
336 _2rdacontent
337 _2rdamedia
_asin mediacion
_bn
338 _2rdacarrier
_avolumen
_bnc
504 _aBibliografias (p. 179)
505 8 _aUna mirada a la historia de las pymes en colombia.--Marco de referencia el comportamiento de las pymes.--Vision teorica de la competitividad en la pyme de colombia.--Desarrollo del diamante de competitividad en las pymes.--Consolidado general de los datos obtenidos en las empresas diagnosticadas
650 1 4 _aPequeña y mediana empresa.
700 1 _aBeltrán, Alejandro.
908 _a160627
942 _cBK
_h658.022
_iP95
_2ddc
999 _c24716
_d24716